| 000 | 01037nam a2200229Ia 4500 | ||
|---|---|---|---|
| 001 | L760-29506 | ||
| 003 | IT-CnALBA | ||
| 008 | 170116s9999||||xx |||||||||||||| ||und|| | ||
| 040 |
_aIT-CnALBA _cIT-CnALBA |
||
| 041 | _aITALIANO | ||
| 100 | _aD'ASPERMONT M. FLUGI | ||
| 245 | 0 | _aLA VOLTA DELLA CAPPELLA SISTINA. (PITTURA). | |
| 250 | _a1a ed. | ||
| 260 |
_aVATICANO _bL'ILLUSTR. VATICANA TIP. CITTÀ VATIC _c1935 [1° Ed.:1935 - Ed.Ling.Originale: 1935] |
||
| 300 | _a42 p. | ||
| 500 | _aSADOC. EZECHIA. NUDO. ANGELO DI EZECHIELE. ZACCARIA. SIBILLA ERITREA E CUMANA. LA LIBICA. PECCATO ORIGINALE. DILUVIO, CREAZIONE. TERZO E QUARTO GIORNO DELLA GENESI. | ||
| 501 | _aSocietà San Paolo EM - Piazza San Paolo, 14 - 12051 ALBA (CN) (non commercial uses only) ® Copyright 2017 | ||
| 520 | _aSADOC. EZECHIA. NUDO. ANGELO DI EZECHIELE. ZACCARIA. SIBILLA ERITREA E CUMANA. LA LIBICA. PECCATO ORIGINALE. DILUVIO, CREAZIONE. TERZO E QUARTO GIORNO DELLA GENESI. | ||
| 650 | _aARTI GRAFICHE | ||
| 942 | _cBK | ||
| 957 | _71 | ||
| 999 |
_a34275 _bSI _g Copie: 1 _c288425 _d288425 |
||